Nuestro reto agropecuario /

Guardado en:
Bibliografiske detaljer
Hovedforfatter: Alvarez Desanti, Antonio 1958-
Format: Bog
Sprog:Spanish
Udgivet: San Costa Rica: Editorial Costa Rica, 1990
Udgivelse:2° edición
Tags: Tilføj Tag
Ingen Tags, Vær først til at tagge denne postø!

MARC

LEADER 00000nam a22000007a 4500
003 cru CRAI/IIS
005 20200305062535.0
008 200304t1990 cr |||||r|||||||| ||spa|d
999 |c 42976  |d 42976 
020 |a 9977235163 
040 |c cru CRAI/IIS 
090 |a 07.01.01 D441d 
100 1 |a Alvarez Desanti, Antonio  |d 1958-  |9 9113 
245 1 |a Nuestro reto agropecuario /  |c Antonio Alvarez Desanti 
250 |a 2° edición 
260 |a San Costa Rica:  |b Editorial Costa Rica,  |c 1990 
300 |a 133 páginas:  |b tablas, foto 
942 |2 ddc  |c LI